000 00308nam a2200133Ia 4500
005 20251222143251.0
008 251222s9999||||xx |||||||||||||| ||spa||
020 _a84-8280-906-7
082 _a813.5/C78
100 _aCorman, Avery
245 0 _aKramer contra Kramer
264 _bOveja Negra
942 _cLIB
999 _c14960
_d14960